Champions League Golden Boot - Statistics

General Stats
  • This quiz has been taken 273 times
    28 since last reset
  • The average score is 47 of 103
Answer Stats
Year Team Nationality Answer % Correct
2018 Real Madrid Portugal Cristiano Ronaldo
100%
2017 Real Madrid Portugal Cristiano Ronaldo
100%
2016 Real Madrid Portugal Cristiano Ronaldo
100%
2015 (tie) Real Madrid Portugal Cristiano Ronaldo
100%
2014 Real Madrid Portugal Cristiano Ronaldo
100%
2013 Real Madrid Portugal Cristiano Ronaldo
100%
2008 Manchester United Portugal Cristiano Ronaldo
100%
2024 (tie) Bayern Munich England Harry Kane
100%
2019 Barcelona Argentina Lionel Messi
100%
2015 (tie) Barcelona Argentina Lionel Messi
100%
2012 Barcelona Argentina Lionel Messi
100%
2011 Barcelona Argentina Lionel Messi
100%
2010 Barcelona Argentina Lionel Messi
100%
2009 Barcelona Argentina Lionel Messi
100%
2023 Manchester City Norway Erling Haaland
92%
2021 Borussia Dortmund Norway Erling Haaland
92%
2015 (tie) Barcelona Brazil Neymar
92%
2025 (tie) Barcelona Brazil Raphinha
92%
2020 Bayern Munich Poland Robert Lewandowski
92%
2024 (tie) Paris Saint-Germain France Kylian Mbappé
88%
2005 Manchester United Netherlands Ruud van Nistelrooy
88%
2003 Manchester United Netherlands Ruud van Nistelrooy
88%
2002 Manchester United Netherlands Ruud van Nistelrooy
88%
1998 Juventus Italy Alessandro Del Piero
85%
2006 AC Milan Ukraine Andriy Shevchenko
85%
1999 (tie) Dynamo Kiev Ukraine Andriy Shevchenko
85%
2007 AC Milan Brazil Kaká
85%
2022 Real Madrid France Karim Benzema
85%
2025 (tie) Borussia Dortmund Guinea Serhou Guirassy
85%
2001 Real Madrid Spain Raúl
81%
2000 (tie) Real Madrid Spain Raúl
81%
2000 (tie) Barcelona Brazil Rivaldo
81%
1964 (tie) Real Madrid Hungary Ferenc Puskás
69%
1962 (tie) Real Madrid Hungary Ferenc Puskás
69%
1960 Real Madrid Hungary Ferenc Puskás
69%
1995 Paris Saint-Germain Liberia George Weah
69%
1962 (tie) Real Madrid Spain Alfredo Di Stéfano
65%
1958 Real Madrid Spain Alfredo Di Stéfano
65%
1968 Benfica Portugal Eusébio
65%
1966 (tie) Benfica Portugal Eusébio
65%
1965 (tie) Benfica Portugal Eusébio
65%
1989 AC Milan Netherlands Marco van Basten
65%
1999 (tie) Manchester United Trinidad and Tobago Dwight Yorke
58%
1977 (tie) Bayern Munich West Germany Gerd Müller
54%
1975 (tie) Bayern Munich West Germany Gerd Müller
54%
1974 Bayern Munich West Germany Gerd Müller
54%
1973 Bayern Munich West Germany Gerd Müller
54%
1992 (tie) Marsielle France Jean-Pierre Papin
54%
1991 (tie) Marsielle France Jean-Pierre Papin
54%
1990 (tie) Marsielle France Jean-Pierre Papin
54%
1996 Ajax Finland Jari Litmanen
46%
1983 Juventus Italy Paolo Rossi
46%
1993 PSV Eindhoven Brazil Romário
46%
1990 (tie) PSV Eindhoven Brazil Romário
46%
1972 (tie) Ajax Netherlands Johan Cruyff
42%
1985 (tie) Juventus France Michel Platini
42%
1994 (tie) Barcelona Netherlands Ronald Koeman
42%
2004 AS Monaco Spain Fernando Morientes
38%
1969 Manchester United Scotland Denis Law
35%
1959 Reims France Just Fontaine
31%
2000 (tie) Porto Brazil Mário Jardel
31%
1988 (tie) Steaua București Romania Gheorghe Hagi
27%
1981 (tie) Bayern Munich West Germany Karl-Heinz Rummenigge
27%
1978 Borussia Mönchengladbach Denmark Allan Simonsen
19%
1981 (tie) Liverpool Scotland Graeme Souness
15%
1965 (tie) Benfica Portugal José Torres
15%
1976 Borussia Mönchengladbach West Germany Jupp Heynckes
15%
1988 (tie) Porto Algeria Rabah Madjer
15%
1982 Bayern Munich West Germany Dieter Hoeness
12%
1966 (tie) Ferencváros Hungary Flórián Albert
12%
1980 Ajax Denmark Søren Lerby
12%
1994 (tie) Werder Bremen New Zealand Wynton Rufer
12%
1988 (tie) Neuchâtel Xamax Netherlands René van der Gijp
8%
1988 (tie) Rangers Scotland Ally McCoist
4%
1988 (tie) Real Madrid Spain Míchel
4%
1967 (tie) Anderlecht Belgium Paul Van Himst
4%
1964 (tie) Partizan Yugoslavia Vladica Kovačević
4%
1972 (tie) Újpest Hungary Antal Dunai
0%
1971 Panathinaikos Greece Antonis Antoniadis
0%
1987 Red Star Belgrade Yugoslavia Borislav Cvetković
0%
1979 Grasshopper Switzerland Claudio Sulser
0%
1957 Manchester United England Dennis Viollet
0%
1997 Atlético Madrid Serbia Milinko Pantić
0%
1975 (tie) Ararat Yerevan Soviet Union Eduard Makarov
0%
1977 (tie) Zürich Italy Franco Cucinotta
0%
1962 (tie) 1. FC Nürnberg West Germany Heinz Strehl
0%
1961 Benfica Portugal José Águas
0%
1963 AC Milan Italy José Altafini
0%
1967 (tie) Vorwärts Berlin East Germany Jürgen Piepenburg
0%
1962 (tie) Real Madrid Spain Justo Tejada
0%
1972 (tie) Celtic Scotland Lou Macari
0%
1970 Leeds United England Mick Jones
0%
1956 Partizan Yugoslavia Miloš Milutinović
0%
1988 (tie) Sparta Prague Czech Republic Petar Novák
0%
1991 (tie) Virol Innsbruck Austria Peter Pacult
0%
1988 (tie) Benfica Portugal Rui Águas
0%
1964 (tie) Inter Milan Italy Sandro Mazzola
0%
1992 (tie) Benfica Ukraine Sergei Yuran
0%
1972 (tie) Standard Liège Yugoslavia Silvester Takač
0%
1981 (tie) Liverpool England Terry McDermott
0%
1986 IFK Göteborg Sweden Torbjörn Nilsson
0%
1985 (tie) IFK Göteborg Sweden Torbjörn Nilsson
0%
1984 Dinamo Minsk Soviet Union Viktor Sokol
0%
No matching quizzes found
Score Distribution
Percent of People with Each Score
Percentile by Number Answered
Your Score History
You have not taken this quiz since the last reset